Dictionnaire critique de théologie.

Salvato in:
Dettagli Bibliografici
Autore principale: Lacoste, Jean Yves (direction, édition revue et augmentée)
Altri autori: Riaudel, Oliver (édition revue et augmentée)
Natura: Libro
Lingua:inglese
Pubblicazione: Paris, France: Quadrige; PUF, 2002.
Edizione:Troisième edition.
Soggetti:
Tags: Aggiungi Tag
Nessun Tag, puoi essere il primo ad aggiungerne!!

MARC

LEADER 00000nam a22000007a 4500
003 CL-VaPUC
005 20230804113943.0
008 230731t2002 ||||| |||| 00| 0 eng d
999 |c 441457  |d 441455 
020 |a 978-2-13-055736-4 
040 |c Pontificia Universidad Católica de Valparaíso 
082 |2 22  |a 230.03 LAC 2002 
100 |9 883964  |a Lacoste, Jean Yves  |e direction 
245 |a Dictionnaire critique de théologie.  
250 |a Troisième edition.  
260 |a Paris, France:  |b Quadrige;  |b PUF,   |c 2002. 
300 |a xxxix, 1587 páginas.  
500 |a c.1 Donación Sr. Jorge Precht Pizarro. 26-05-23. Biblioteca Teología. Ouvrage publié avec le concours du Centre National du Livre. 
583 |c 20230731  |k Yessy Sthefany Diaz Vidal 
650 0 |9 258766  |a Teología   |v Diccionario francés  
700 |9 883962  |a Riaudel, Oliver   |e édition revue et augmentée 
700 |9 883963  |a Lacoste, Jean Yves   |e édition revue et augmentée 
942 |2 ddc  |c BK 
952 |0 0  |1 0  |2 ddc  |4 0  |6 230_030000000000000_LAC_2002  |7 0  |8 A  |9 591041  |a BIBTEO  |b BIBTEO  |c GEN  |d 2023-07-31  |e Donación   |i 5658164  |o 230.03 LAC 2002  |p 5658164  |r 2025-01-17  |t 1  |w 2023-07-31  |y BK  |k ICR